[Event "European Chess Club Cup 2023"]
[Site "Durres, Albania"]
[Date "2023.10.07"]
[Round "7.27"]
[White "Droin, Augustin"]
[Black "Ahmadzada, Ahmad"]
[Result "1-0"]
[TimeControl "90' + 30' & 30\""]
[WhiteElo "2468"]
[BlackElo "2494"]

1. e4 {[%clk 01:30:58]} {[%emt 00:00:02]} e5 {[%clk 01:30:52]} {[%emt
00:00:08]} 2. Nf3 {[%clk 01:31:23]} {[%emt 00:00:05]} Nc6 {[%clk 01:31:16]}
{[%emt 00:00:06]} 3. Bc4 {[%clk 01:31:34]} {[%emt 00:00:19]} Bc5 {[%clk
01:31:37]} {[%emt 00:00:09]} 4. d3 {[%clk 01:31:36]} {[%emt 00:00:28]} Nf6
{[%clk 01:31:57]} {[%emt 00:00:08]} 5. O-O {[%clk 01:31:37]} {[%emt 00:00:30]}
O-O {[%clk 01:32:18]} {[%emt 00:00:09]} 6. a4 {[%clk 01:30:47]} {[%emt
00:01:21]} a5 {[%clk 01:30:14]} {[%emt 00:02:34]} 7. h3 {[%clk 01:30:54]}
{[%emt 00:00:23]} h6 {[%clk 01:30:07]} {[%emt 00:00:37]} 8. Re1 {[%clk
01:30:44]} {[%emt 00:00:40]} d6 {[%clk 01:28:21]} {[%emt 00:02:15]} 9. c3
{[%clk 01:30:56]} {[%emt 00:00:19]} Be6 {[%clk 01:21:43]} {[%emt 00:07:08]} 10.
Nbd2 {[%clk 01:29:52]} {[%emt 00:01:34]} Bxc4 {[%clk 01:16:47]} {[%emt
00:05:25]} 11. Nxc4 {[%clk 01:29:29]} {[%emt 00:00:54]} Re8 {[%clk 01:17:09]}
{[%emt 00:00:08]} 12. Be3 {[%clk 01:23:23]} {[%emt 00:06:36]} b6 {[%clk
01:14:27]} {[%emt 00:03:12]} 13. Qc2 {[%clk 01:14:30]} {[%emt 00:09:23]} Qd7
{[%clk 01:10:02]} {[%emt 00:04:53]} 14. d4 {[%clk 01:01:15]} {[%emt 00:13:47]}
exd4 {[%clk 01:09:38]} {[%emt 00:00:54]} 15. cxd4 {[%clk 01:01:40]} {[%emt
00:00:05]} Bb4 {[%clk 01:08:11]} {[%emt 00:01:58]} 16. Ncd2 {[%clk 00:59:05]}
{[%emt 00:03:05]} Bxd2 {[%clk 01:00:01]} {[%emt 00:08:39]} 17. Bxd2 {[%clk
00:58:29]} {[%emt 00:01:06]} d5 {[%clk 00:59:33]} {[%emt 00:00:57]} 18. e5
{[%clk 00:58:38]} {[%emt 00:00:21]} Ne4 {[%emt 00:01:01]} 19. Rac1 {[%clk
00:58:16]} Nxd2 {[%clk 00:56:14]} {[%emt 00:04:11]} 20. Qxd2 {[%clk 00:57:27]}
{[%emt 00:01:19]} Nd8 {[%clk 00:54:11]} {[%emt 00:02:32]} 21. b3 {[%clk
00:48:08]} {[%emt 00:09:50]} Ne6 {[%clk 00:52:57]} {[%emt 00:01:43]} 22. Nh4
{[%clk 00:46:33]} {[%emt 00:02:06]} Qe7 {[%clk 00:43:04]} {[%emt 00:10:23]} 23.
g3 {[%clk 00:44:29]} {[%emt 00:02:34]} Qb4 {[%clk 00:35:57]} {[%emt 00:07:37]}
24. Qxb4 {[%clk 00:44:54]} {[%emt 00:00:05]} axb4 {[%clk 00:36:24]} {[%emt
00:00:03]} 25. Red1 {[%clk 00:44:51]} {[%emt 00:00:33]} c5 {[%clk 00:36:28]}
{[%emt 00:00:25]} 26. dxc5 {[%clk 00:38:27]} {[%emt 00:06:55]} Nxc5 {[%clk
00:32:50]} {[%emt 00:04:08]} 27. Rxd5 {[%clk 00:38:49]} {[%emt 00:00:08]} Nxb3
{[%clk 00:31:29]} {[%emt 00:01:51]} 28. Rb1 {[%clk 00:39:12]} {[%emt 00:00:07]}
Nc5 {[%clk 00:30:55]} {[%emt 00:01:03]} 29. Rxb4 {[%clk 00:39:38]} {[%emt
00:00:05]} Nxa4 {[%clk 00:30:57]} {[%emt 00:00:28]} 30. Nf3 {[%clk 00:37:39]}
{[%emt 00:02:28]} Rec8 {[%clk 00:29:05]} {[%emt 00:02:23]} 31. Kg2 {[%clk
00:30:53]} {[%emt 00:07:16]} Rc2 {[%clk 00:25:50]} {[%emt 00:03:44]} 32. Rd2
{[%clk 00:26:34]} {[%emt 00:04:51]} Rxd2 {[%clk 00:17:22]} {[%emt 00:08:57]} 33.
Nxd2 {[%clk 00:27:01]} {[%emt 00:00:03]} Nc5 {[%clk 00:17:23]} {[%emt
00:00:29]} 34. Rxb6 {[%clk 00:26:18]} {[%emt 00:01:13]} Nd7 {[%clk 00:17:48]}
{[%emt 00:00:05]} 35. Rb5 {[%clk 00:26:11]} {[%emt 00:00:38]} f6 {[%clk
00:18:02]} {[%emt 00:00:15]} 36. exf6 {[%clk 00:22:50]} {[%emt 00:03:51]} Nxf6
{[%clk 00:18:25]} {[%emt 00:00:07]} 37. Nf1 {[%clk 00:19:20]} {[%emt 00:04:00]}
Ra2 {[%clk 00:16:41]} {[%emt 00:02:14]} 38. Kf3 {[%clk 00:18:02]} {[%emt
00:01:47]} Ra7 {[%clk 00:16:13]} {[%emt 00:00:58]} 39. Ne3 {[%clk 00:16:32]}
{[%emt 00:02:00]} Rd7 {[%clk 00:15:56]} {[%emt 00:00:46]} 40. g4 {[%clk
00:16:22]} {[%emt 00:00:41]} Rf7 {[%clk 00:15:15]} {[%emt 00:01:11]} 41. Kg2
{[%clk 00:16:12]} {[%emt 00:00:40]} Ne4 {[%clk 00:14:48]} {[%emt 00:00:58]} 42.
Nf5 {[%clk 00:15:05]} {[%emt 00:01:38]} Kh7 {[%clk 00:14:35]} {[%emt 00:00:41]}
43. f3 {[%clk 00:14:38]} {[%emt 00:00:58]} Nc3 {[%clk 00:11:58]} {[%emt
00:03:07]} 44. Re5 {[%clk 00:14:21]} {[%emt 00:00:47]} Rd7 {[%clk 00:11:35]}
{[%emt 00:00:51]} 45. Kg3 {[%clk 00:07:19]} {[%emt 00:07:34]} Nd5 {[%clk
00:10:59]} {[%emt 00:01:05]} 46. h4 {[%clk 00:04:55]} {[%emt 00:02:55]} Nf6
{[%clk 00:10:28]} {[%emt 00:01:00]} 47. Re6 {[%clk 00:04:27]} {[%emt 00:00:59]}
Rf7 {[%clk 00:10:00]} {[%emt 00:00:58]} 48. Nd6 {[%clk 00:02:56]} {[%emt
00:02:01]} Ra7 {[%clk 00:06:00]} {[%emt 00:04:29]} 49. Nc4 {[%clk 00:26:57]}
{[%emt 00:06:30]} Kg8 {[%clk 00:35:16]} {[%emt 00:01:14]} 50. Ne5 {[%clk
00:25:43]} {[%emt 00:01:43]} Ra8 {[%clk 00:32:46]} {[%emt 00:03:00]} 51. Rd6
{[%clk 00:24:35]} {[%emt 00:01:39]} Nh7 {[%clk 00:29:07]} {[%emt 00:04:08]} 52.
Rd7 {[%clk 00:24:16]} {[%emt 00:00:50]} Nf8 {[%clk 00:28:47]} {[%emt 00:00:49]}
53. Rb7 {[%clk 00:23:46]} {[%emt 00:01:01]} Rc8 {[%clk 00:25:33]} {[%emt
00:03:43]} 54. g5 {[%clk 00:21:34]} {[%emt 00:02:43]} hxg5 {[%clk 00:21:45]}
{[%emt 00:04:18]} 55. hxg5 {[%clk 00:20:19]} {[%emt 00:01:45]} Kh7 {[%clk
00:19:32]} {[%emt 00:02:43]} 56. Rb2 {[%clk 00:17:05]} {[%emt 00:03:44]} Kg8
{[%clk 00:09:51]} {[%emt 00:10:11]} 57. g6 {[%clk 00:13:56]} {[%emt 00:03:39]}
Ne6 {[%clk 00:08:48]} {[%emt 00:01:32]} 58. Rb6 {[%clk 00:12:19]} {[%emt
00:02:08]} Re8 {[%clk 00:07:35]} {[%emt 00:01:43]} 59. f4 {[%clk 00:11:19]}
{[%emt 00:01:30]} Nc5 {[%clk 00:06:28]} {[%emt 00:01:37]} 60. Kf3 {[%clk
00:11:30]} {[%emt 00:00:19]} Ne6 {[%clk 00:05:45]} {[%emt 00:01:13]} 61. Nc6
{[%clk 00:10:42]} {[%emt 00:01:18]} Kf8 {[%clk 00:04:37]} {[%emt 00:01:37]} 62.
Kg4 {[%clk 00:09:04]} {[%emt 00:02:08]} Nc5 {[%clk 00:03:40]} {[%emt 00:01:28]}
63. Nd4 {[%clk 00:08:48]} {[%emt 00:00:46]} Kg8 {[%clk 00:02:02]} {[%emt
00:02:06]} 64. Rc6 {[%clk 00:07:49]} {[%emt 00:01:31]} Ne4 {[%clk 00:01:59]}
{[%emt 00:00:33]} 65. Ne6 {[%clk 00:08:02]} {[%emt 00:00:17]} Nf6+ {[%clk
00:01:59]} {[%emt 00:00:30]} 66. Kf5 {[%clk 00:08:27]} {[%emt 00:00:06]} Nd5
{[%clk 00:01:35]} {[%emt 00:00:53]} 67. Rd6 {[%clk 00:08:33]} {[%emt 00:00:24]}
Ne7+ {[%clk 00:00:35]} {[%emt 00:01:31]} 68. Kg5 {[%clk 00:08:59]} {[%emt
00:00:03]} Rb8 {[%clk 00:00:33]} {[%emt 00:00:32]} 69. f5 {[%clk 00:08:56]}
{[%emt 00:00:33]} Kh8 {[%clk 00:00:33]} {[%emt 00:00:30]} 70. Rd7 {[%clk
00:08:56]} {[%emt 00:00:30]} Re8 {[%clk 00:00:32]} {[%emt 00:00:31]} 1-0

[Event "European Chess Club Cup 2023"]
[Site "Durres, Albania"]
[Date "2023.10.07"]
[Round "7.28"]
[White "Samadov, Read"]
[Black "Razafindratsima, Timothe"]
[Result "1-0"]
[TimeControl "90' + 30' & 30\""]
[WhiteElo "2492"]
[BlackElo "2459"]

1. Nf3 {[%clk 01:30:57]} {[%emt 00:00:02]} Nf6 {[%clk 01:29:57]} {[%emt
00:01:03]} 2. c4 {[%clk 01:31:12]} {[%emt 00:00:14]} e6 {[%clk 01:29:33]}
{[%emt 00:00:55]} 3. g3 {[%clk 01:30:47]} {[%emt 00:00:56]} d5 {[%clk
01:29:41]} {[%emt 00:00:21]} 4. d4 {[%clk 01:30:18]} {[%emt 00:00:59]} dxc4
{[%clk 01:30:01]} {[%emt 00:00:11]} 5. Bg2 {[%clk 01:30:26]} {[%emt 00:00:20]}
c6 {[%clk 01:30:27]} {[%emt 00:00:06]} 6. O-O {[%clk 01:25:20]} {[%emt
00:05:35]} b5 {[%clk 01:30:46]} {[%emt 00:00:11]} 7. Ne5 {[%clk 01:24:51]}
{[%emt 00:00:59]} Bb7 {[%clk 01:31:12]} {[%emt 00:00:05]} 8. a4 {[%clk
01:23:35]} {[%emt 00:01:45]} a6 {[%clk 01:31:26]} {[%emt 00:00:17]} 9. b3
{[%clk 01:22:13]} {[%emt 00:01:52]} cxb3 {[%clk 01:29:00]} {[%emt 00:02:56]} 10.
Qxb3 {[%clk 01:22:09]} {[%emt 00:00:34]} Qxd4 {[%clk 01:28:36]} {[%emt
00:00:54]} 11. Bb2 {[%clk 01:22:05]} {[%emt 00:00:32]} Qb4 {[%clk 01:29:00]}
{[%emt 00:00:08]} 12. Qc2 {[%clk 01:22:00]} {[%emt 00:00:34]} Qc5 {[%clk
01:27:25]} {[%emt 00:02:05]} 13. Qd3 {[%clk 01:21:50]} {[%emt 00:00:40]} Be7
{[%clk 01:26:32]} {[%emt 00:01:23]} 14. Nd2 {[%clk 01:20:42]} {[%emt 00:01:38]}
Qb6 {[%clk 01:25:47]} {[%emt 00:01:15]} 15. Ne4 {[%clk 01:18:49]} {[%emt
00:02:22]} Nd5 {[%clk 01:22:41]} {[%emt 00:03:38]} 16. Nxf7 {[%clk 01:15:24]}
{[%emt 00:03:55]} Kxf7 {[%clk 01:23:07]} {[%emt 00:00:04]} 17. Qf3+ {[%clk
01:15:42]} {[%emt 00:00:12]} Bf6 {[%clk 01:23:30]} {[%emt 00:00:07]} 18. Ng5+
{[%clk 01:12:51]} {[%emt 00:03:20]} Ke7 {[%clk 01:21:44]} {[%emt 00:02:16]} 19.
e4 {[%clk 01:12:34]} {[%emt 00:00:47]} Bxg5 {[%clk 00:31:48]} {[%emt 00:50:27]}
20. exd5 {[%clk 01:12:06]} {[%emt 00:00:57]} cxd5 {[%clk 00:31:38]} {[%emt
00:00:40]} 21. a5 {[%clk 01:00:23]} {[%emt 00:12:13]} Qd6 {[%clk 00:30:52]}
{[%emt 00:01:17]} 22. Qg4 {[%clk 00:58:42]} {[%emt 00:02:10]} Bf6 {[%clk
00:31:16]} {[%emt 00:00:06]} 23. Ba3 {[%clk 00:58:52]} {[%emt 00:00:20]} Nc6
{[%clk 00:31:43]} {[%emt 00:00:03]} 24. Bxd6+ {[%clk 00:57:53]} {[%emt
00:01:30]} Kxd6 {[%clk 00:32:12]} 25. Rfe1 {[%clk 00:50:59]} {[%emt 00:07:23]}
Rhe8 {[%clk 00:16:02]} {[%emt 00:16:41]} 26. Rad1 {[%clk 00:46:37]} {[%emt
00:04:52]} Ne5 {[%clk 00:07:58]} {[%emt 00:08:34]} 27. Qb4+ {[%clk 00:39:49]}
{[%emt 00:07:17]} Kd7 {[%clk 00:08:24]} {[%emt 00:00:04]} 28. Qf4 {[%clk
00:39:02]} {[%emt 00:01:17]} Nf7 {[%clk 00:06:39]} {[%emt 00:02:16]} 29. Qg4
{[%clk 00:31:12]} {[%emt 00:08:19]} Kd6 {[%clk 00:06:01]} {[%emt 00:01:10]} 30.
Qh5 {[%clk 00:30:07]} {[%emt 00:01:34]} Ne5 {[%clk 00:05:18]} {[%emt 00:01:14]}
31. f4 {[%clk 00:28:59]} {[%emt 00:01:37]} Nc4 {[%clk 00:05:41]} {[%emt
00:00:07]} 32. f5 {[%clk 00:25:19]} {[%emt 00:04:09]} e5 {[%clk 00:02:35]}
{[%emt 00:03:37]} 33. Bxd5 {[%clk 00:24:49]} {[%emt 00:00:59]} Bxd5 {[%clk
00:03:01]} {[%emt 00:00:04]} 34. Qf7 {[%clk 00:25:10]} {[%emt 00:00:09]} Rad8
{[%clk 00:02:57]} {[%emt 00:00:34]} 35. Rxd5+ {[%clk 00:24:23]} {[%emt
00:01:17]} Kc6 {[%clk 00:03:24]} {[%emt 00:00:03]} 36. Rxd8 {[%clk 00:24:29]}
{[%emt 00:00:24]} Rxd8 {[%clk 00:03:53]} 37. Qa7 {[%clk 00:24:35]} {[%emt
00:00:23]} Bg5 {[%clk 00:02:47]} {[%emt 00:01:38]} 38. Qxa6+ {[%clk 00:24:47]}
{[%emt 00:00:18]} Kc5 {[%clk 00:03:16]} 39. h4 {[%clk 00:21:49]} {[%emt
00:03:28]} Bf6 {[%clk 00:02:12]} {[%emt 00:01:33]} 40. Rb1 {[%clk 00:21:48]}
{[%emt 00:00:31]} Nd2 {[%clk 00:00:49]} {[%emt 00:01:54]} 41. Rxb5+ {[%clk
00:19:39]} {[%emt 00:02:38]} Kd4 {[%clk 00:01:02]} {[%emt 00:00:18]} 42. Qb6+
{[%clk 00:19:20]} {[%emt 00:00:48]} Kd3 {[%clk 00:30:03]} {[%emt 00:01:29]} 43.
Qxd8+ {[%emt 00:00:29]} Bxd8 {[%clk 00:30:28]} {[%emt 00:00:03]} 44. Rd5+
{[%clk 00:49:50]} {[%emt 00:00:03]} Ke2 {[%clk 00:28:26]} {[%emt 00:02:32]} 45.
Rxd8 {[%clk 00:50:15]} {[%emt 00:00:05]} Nf3+ {[%clk 00:28:48]} {[%emt
00:00:08]} 46. Kg2 {[%clk 00:50:25]} {[%emt 00:00:20]} Ne1 {[%clk 00:29:10]}
{[%emt 00:00:09]} 47. Kh3 {[%clk 00:50:37]} {[%emt 00:00:18]} 1-0

[Event "European Chess Club Cup 2023"]
[Site "Durres, Albania"]
[Date "2023.10.07"]
[Round "7.29"]
[White "Kamsky, Gata"]
[Black "Gadimbayli, Abdulla"]
[Result "1-0"]
[TimeControl "90' + 30' & 30\""]
[WhiteElo "2641"]
[BlackElo "2492"]

1. d4 {[%clk 01:30:55]} {[%emt 00:00:04]} Nf6 {[%clk 01:30:33]} {[%emt
00:00:28]} 2. Nf3 {[%clk 01:30:47]} {[%emt 00:00:38]} d5 {[%clk 01:30:08]}
{[%emt 00:00:55]} 3. Bf4 {[%clk 01:30:16]} {[%emt 00:01:00]} c5 {[%clk
01:29:04]} {[%emt 00:01:34]} 4. c3 {[%clk 01:29:29]} {[%emt 00:01:17]} Qb6
{[%clk 01:23:03]} {[%emt 00:06:32]} 5. Qb3 {[%clk 01:29:24]} {[%emt 00:00:35]}
c4 {[%clk 01:17:24]} {[%emt 00:06:09]} 6. Qc2 {[%clk 01:29:42]} {[%emt
00:00:11]} g6 {[%clk 01:15:04]} {[%emt 00:02:51]} 7. Nbd2 {[%clk 01:27:25]}
{[%emt 00:02:46]} Bf5 {[%clk 01:12:50]} {[%emt 00:02:45]} 8. Qc1 {[%clk
01:27:47]} {[%emt 00:00:07]} Nc6 {[%clk 01:12:03]} {[%emt 00:01:18]} 9. g3
{[%clk 01:27:19]} {[%emt 00:00:58]} Bg7 {[%clk 01:07:49]} {[%emt 00:04:44]} 10.
Bg2 {[%clk 01:27:38]} {[%emt 00:00:11]} O-O {[%clk 01:06:53]} {[%emt 00:01:27]}
11. O-O {[%clk 01:28:01]} {[%emt 00:00:06]} Rfe8 {[%clk 00:47:50]} {[%emt
00:19:33]} 12. Ne5 {[%clk 01:26:53]} {[%emt 00:01:37]} Rad8 {[%clk 00:43:54]}
{[%emt 00:04:27]} 13. Re1 {[%clk 01:26:26]} {[%emt 00:00:56]} Nh5 {[%clk
00:36:45]} {[%emt 00:07:41]} 14. e4 {[%clk 01:24:25]} {[%emt 00:02:30]} Nxf4
{[%clk 00:33:00]} {[%emt 00:04:15]} 15. gxf4 {[%clk 01:24:44]} {[%emt
00:00:10]} dxe4 {[%clk 00:31:23]} {[%emt 00:02:08]} 16. Ndxc4 {[%clk 01:19:27]}
{[%emt 00:05:46]} Qc7 {[%clk 00:23:51]} {[%emt 00:08:02]} 17. Bxe4 {[%clk
01:18:59]} {[%emt 00:00:58]} Bxe4 {[%clk 00:21:21]} {[%emt 00:03:01]} 18. Rxe4
{[%clk 01:19:23]} {[%emt 00:00:06]} e6 {[%clk 00:19:40]} {[%emt 00:02:11]} 19.
Nd3 {[%clk 01:13:00]} {[%emt 00:06:52]} Ne7 {[%clk 00:18:08]} {[%emt 00:02:03]}
20. Nce5 {[%clk 01:13:10]} {[%emt 00:00:20]} Nd5 {[%clk 00:16:43]} {[%emt
00:01:55]} 21. Qf1 {[%clk 01:12:01]} {[%emt 00:01:38]} Nf6 {[%clk 00:13:29]}
{[%emt 00:03:45]} 22. Re2 {[%clk 01:11:47]} {[%emt 00:00:43]} Nd5 {[%clk
00:13:32]} {[%emt 00:00:28]} 23. Qh3 {[%clk 01:11:06]} {[%emt 00:01:09]} b5
{[%clk 00:09:53]} {[%emt 00:04:10]} 24. Qf3 {[%clk 01:10:57]} {[%emt 00:00:38]}
a5 {[%clk 00:09:04]} {[%emt 00:01:21]} 25. a3 {[%clk 01:10:28]} {[%emt
00:00:59]} b4 {[%clk 00:06:27]} {[%emt 00:03:08]} 26. cxb4 {[%clk 01:07:22]}
{[%emt 00:03:35]} axb4 {[%clk 00:06:27]} {[%emt 00:00:31]} 27. Rc1 {[%clk
01:07:45]} {[%emt 00:00:05]} Qb6 {[%clk 00:06:26]} {[%emt 00:00:32]} 28. Nc6
{[%clk 01:07:59]} {[%emt 00:00:16]} Rd6 {[%clk 00:05:56]} {[%emt 00:01:00]} 29.
Ndxb4 {[%clk 01:07:48]} {[%emt 00:00:40]} Nxb4 {[%clk 00:05:38]} {[%emt
00:00:49]} 30. Nxb4 {[%clk 01:07:59]} {[%emt 00:00:18]} Qxd4 {[%clk 00:02:36]}
{[%emt 00:03:34]} 31. Nc6 {[%clk 01:06:05]} {[%emt 00:02:22]} Qa4 {[%clk
00:03:00]} {[%emt 00:00:07]} 32. b4 {[%clk 01:05:08]} {[%emt 00:01:26]} Bf6
{[%clk 00:03:16]} {[%emt 00:00:16]} 33. Kg2 {[%clk 01:04:12]} {[%emt 00:01:24]}
Kg7 {[%clk 00:03:35]} {[%emt 00:00:12]} 34. Ne5 {[%clk 01:03:10]} {[%emt
00:01:31]} Re7 {[%clk 00:02:00]} {[%emt 00:02:06]} 35. Rec2 {[%clk 01:02:56]}
{[%emt 00:00:43]} Ra6 {[%clk 00:01:19]} {[%emt 00:01:12]} 36. Rc3 {[%clk
01:00:23]} {[%emt 00:03:03]} h5 {[%clk 00:00:59]} {[%emt 00:00:51]} 37. Rd3
{[%clk 00:59:40]} {[%emt 00:01:11]} Rea7 {[%clk 00:01:09]} {[%emt 00:00:21]} 38.
Rc5 {[%clk 00:58:16]} {[%emt 00:01:53]} Qe8 {[%clk 00:00:48]} {[%emt 00:00:52]}
39. Nc6 {[%clk 00:54:51]} {[%emt 00:03:54]} Ra8 {[%clk 00:00:42]} {[%emt
00:00:38]} 40. b5 {[%clk 00:54:59]} {[%emt 00:00:21]} Rb6 {[%clk 00:00:55]}
{[%emt 00:00:18]} 41. Ne5 {[%clk 00:32:54]} {[%emt 00:22:34]} Ra7 {[%clk
00:14:34]} {[%emt 00:16:51]} 42. Rb3 {[%clk 00:51:39]} {[%emt 00:11:44]} Bxe5
{[%clk 00:06:42]} {[%emt 00:08:23]} 43. fxe5 {[%clk 00:50:53]} {[%emt
00:01:16]} Qe7 {[%clk 00:07:08]} {[%emt 00:00:04]} 44. Rc4 {[%clk 00:50:13]}
{[%emt 00:01:08]} Rd7 {[%clk 00:07:19]} {[%emt 00:00:21]} 45. a4 {[%clk
00:48:43]} {[%emt 00:02:00]} Qg5+ {[%clk 00:07:37]} {[%emt 00:00:12]} 46. Qg3
{[%clk 00:49:01]} {[%emt 00:00:11]} Qd2 {[%clk 00:07:53]} {[%emt 00:00:15]} 47.
Qf4 {[%clk 00:48:49]} {[%emt 00:00:40]} Qd5+ {[%clk 00:08:13]} {[%emt
00:00:13]} 48. Qe4 {[%clk 00:46:39]} {[%emt 00:02:38]} Qd1 {[%clk 00:08:17]}
{[%emt 00:00:27]} 49. Rb1 {[%clk 00:45:54]} {[%emt 00:01:14]} Qd2 {[%clk
00:08:41]} {[%emt 00:00:07]} 50. h4 {[%clk 00:46:15]} {[%emt 00:00:08]} Kh7
{[%clk 00:08:06]} {[%emt 00:01:06]} 51. Rbb4 {[%clk 00:43:48]} {[%emt
00:02:56]} Qa2 {[%clk 00:07:38]} {[%emt 00:01:00]} 52. Rd4 {[%clk 00:44:09]}
{[%emt 00:00:07]} Rbb7 {[%clk 00:06:24]} {[%emt 00:01:45]} 53. b6 {[%clk
00:43:48]} {[%emt 00:00:50]} 1-0

[Event "European Chess Club Cup 2023"]
[Site "Durres, Albania"]
[Date "2023.10.07"]
[Round "7.30"]
[White "Sadikhov, Ulvi"]
[Black "Guliyev, Namig"]
[Result "1/2-1/2"]
[TimeControl "90' + 30' & 30\""]
[WhiteElo "2492"]
[BlackElo "2531"]

1. Nf3 {[%clk 01:30:56]} {[%emt 00:00:03]} d5 {[%clk 01:30:37]} {[%emt
00:00:22]} 2. g3 {[%clk 01:31:20]} {[%emt 00:00:08]} Bg4 {[%clk 01:25:28]}
{[%emt 00:05:39]} 3. Bg2 {[%clk 01:31:43]} {[%emt 00:00:07]} Nd7 {[%clk
01:25:50]} {[%emt 00:00:07]} 4. h3 {[%clk 01:32:06]} {[%emt 00:00:08]} Bxf3
{[%clk 01:25:39]} {[%emt 00:00:41]} 5. Bxf3 {[%clk 01:32:30]} {[%emt 00:00:06]}
Ngf6 {[%clk 01:26:05]} {[%emt 00:00:04]} 6. O-O {[%clk 01:32:50]} {[%emt
00:00:10]} c6 {[%clk 01:26:20]} {[%emt 00:00:14]} 7. d3 {[%clk 01:33:16]}
{[%emt 00:00:05]} e5 {[%clk 01:26:36]} {[%emt 00:00:14]} 8. e4 {[%clk
01:33:40]} {[%emt 00:00:06]} dxe4 {[%clk 01:26:39]} {[%emt 00:00:27]} 9. dxe4
{[%clk 01:34:06]} {[%emt 00:00:04]} Bc5 {[%clk 01:27:02]} {[%emt 00:00:06]} 10.
Nd2 {[%clk 01:34:32]} {[%emt 00:00:04]} O-O {[%clk 01:27:22]} {[%emt 00:00:11]}
11. a4 {[%clk 01:34:59]} {[%emt 00:00:03]} a5 {[%clk 01:26:35]} {[%emt
00:01:16]} 12. Nc4 {[%clk 01:33:55]} {[%emt 00:01:35]} Qc7 {[%clk 01:24:51]}
{[%emt 00:02:13]} 13. Qe2 {[%clk 01:32:38]} {[%emt 00:01:47]} Rfd8 {[%clk
01:24:10]} {[%emt 00:01:10]} 14. Rd1 {[%clk 01:31:43]} {[%emt 00:01:27]} Nf8
{[%clk 01:18:01]} {[%emt 00:06:39]} 15. Bg5 {[%clk 01:24:40]} {[%emt 00:07:32]}
Ne6 {[%clk 01:17:25]} {[%emt 00:01:07]} 16. Bxf6 {[%clk 01:24:39]} {[%emt
00:00:31]} gxf6 {[%clk 01:17:49]} {[%emt 00:00:06]} 17. c3 {[%clk 01:24:54]}
{[%emt 00:00:14]} Rxd1+ {[%clk 01:16:49]} {[%emt 00:01:30]} 18. Rxd1 {[%clk
01:22:41]} {[%emt 00:02:43]} Rd8 {[%clk 01:17:08]} {[%emt 00:00:11]} 19. Rxd8+
{[%clk 01:21:35]} {[%emt 00:01:37]} Qxd8 {[%clk 01:17:27]} {[%emt 00:00:10]} 20.
Bg4 {[%clk 01:22:00]} {[%emt 00:00:05]} b5 {[%clk 01:16:12]} {[%emt 00:01:45]}
21. axb5 {[%clk 01:15:49]} {[%emt 00:06:41]} cxb5 {[%clk 01:16:33]} {[%emt
00:00:09]} 22. Ne3 {[%clk 01:15:57]} {[%emt 00:00:23]} Bxe3 {[%clk 01:16:24]}
{[%emt 00:00:39]} 23. Qxe3 {[%clk 01:16:19]} {[%emt 00:00:08]} b4 {[%clk
01:15:51]} {[%emt 00:01:03]} 24. h4 {[%clk 01:07:51]} {[%emt 00:08:58]} bxc3
{[%clk 01:16:00]} {[%emt 00:00:21]} 25. Qxc3 {[%clk 01:07:25]} {[%emt
00:00:55]} Nd4 {[%clk 01:12:08]} {[%emt 00:04:22]} 26. Qc5 {[%clk 01:05:04]}
{[%emt 00:02:50]} Kg7 {[%clk 01:11:01]} {[%emt 00:01:37]} 27. Qa7 {[%clk
01:05:14]} {[%emt 00:00:20]} Nb5 {[%clk 01:09:54]} {[%emt 00:01:38]} 28. Qd7
{[%clk 00:44:54]} {[%emt 00:20:51]} Qb6 {[%clk 01:02:42]} {[%emt 00:07:41]} 29.
h5 {[%clk 00:32:23]} {[%emt 00:13:01]} h6 {[%clk 00:59:23]} {[%emt 00:03:50]}
30. Be6 {[%clk 00:25:56]} {[%emt 00:06:57]} Qxe6 {[%clk 00:56:22]} {[%emt
00:03:30]} 31. Qxb5 {[%clk 00:26:13]} {[%emt 00:00:14]} 1/2-1/2